Province italiane con una sola vocale nel nome - Statistics

Statistiche generali
  • Questo quiz è stato fatto 81 volte
  • Il punteggio medio è 5 su 6
Statistiche sulle risposte
Risposta % Corretto
Lecce
95%
Como
87%
Massa-Carrara
73%
Rimini
73%
Parma
65%
Brindisi
61%
Nessun quiz corrispondente trovato
Distribuzione punteggi
Percentuale di utenti per punteggio
Percentile per numero di risposta
I tuoi punteggi nel tempo
Non hai fatto questo quiz